• 首页
  • 本馆介绍
  • 公告通知
  • 最新文献
  • 馆藏检索
  • 电子资源
  • 读者导购
  • 参考咨询
  • 我的图书馆
  • 登录
  • 详细信息显示
  • 放入我的书架
  • 预约/预借图书
  • 作者相关作品
  • 分类相关作品
  • 丛书相关作品
  • 出版社相关作品

书目信息

  • 表格格式
  • 工作单格式
  • 卡片格式
题名:
九种平面几何
    
 
作者: 雅格龙 著 ;陈光还 译
分册:  
出版信息: 上海   上海科学技术出版社  1985
页数: 358页
开本: 19cm
丛书名:
单 册:
中图分类: O123.1
科图分类:
主题词: 平面几何
电子资源:
ISBN:
000 00814nam0 2200253 45
001 0185010373
005 20060307092719.06
010    @dCNY1.60
091    @a13119.1158
100    @a19900904d1985 emky0chiy0121 ea
101 1  @achi@beng@crus
102    @aCN@b310000
105    @ay z 001yy
200 10 @a九种平面几何@Ajiu zhong ping mian ji he@f(苏)И·М·雅格龙著@F(su)И·М·ya ge long zhu@g陈光还译
210    @a上海@c上海科学技术出版社@d1985
215    @a358页@d19cm
300    @a根据1979年英译本转译, 是俄文原书《伽里略相对性原理和非欧几何》第1及2章内容
606    @a平面几何
690    @aO123.1@v3
701  1 @a雅格龙@Aya ge long@4著
702  0 @a陈光还@Achen guang huan@4译
801  0 @aCN@b深圳图书馆@c20060307
801  2 @aCN@bNLC@c20051207
905    @f2@b127162-163@f1@b127166@dO123.1@e12
    
    九种平面几何/(苏)И·М·雅格龙著/陈光还译.-上海:上海科学技术出版社,1985
    358页;19cm
    根据1979年英译本转译, 是俄文原书《伽里略相对性原理和非欧几何》第1及2章内容
    
    ISBN :CNY1.60
    
●
相关链接 在E读中查询图书 在五车中查询图书 在当当中查询图书 在豆瓣中查询图书


正题名:九种平面几何     索取号:O123.1/12         预约/预借

序号 登录号 条形码 馆藏地/架位号 状态 备注
1 0127158   202199851   密集书库/ [索取号:O123.1/12] 在馆    
2 0127159   202199931   密集书库/ [索取号:O123.1/12] 在馆    
3 0127160   202199815   密集书库/ [索取号:O123.1/12] 在馆    
4 0127161   202199897   密集书库/ [索取号:O123.1/12] 在馆    
5 0127162   001244424   密集书库/ [索取号:O123.1/12] 在馆    
6 0127163   001244406   密集书库/ [索取号:O123.1/12] 在馆    
7 0127164   202199977   密集书库/ [索取号:O123.1/12] 在馆    
8 0127165   202156139   密集书库/ [索取号:O123.1/12] 在馆    
9 0127166   001244399   第三借阅区/ [索取号:O123.1/12] 在馆    
10 0127167   202093206   第二样本阅览室/ [索取号:O123.1/12] 在馆    
唐山师范学院图书馆 欢迎您!
大连网信软件有限公司© 版权所有